| 000 | 01031nac a22003131u 4500 | ||
|---|---|---|---|
| 003 | EG-ScBUE | ||
| 005 | 20211115144257.0 | ||
| 008 | 200219r20011988le f 000 1 eng d | ||
| 020 | _a9953102708 | ||
| 020 | _a9789953102702 | ||
| 040 |
_aEG-ScBUE _beng _erda _cEG-ScBUE _dEG-ScBUE |
||
| 082 | 0 | 4 |
_a823.5 _bSWI _222 |
| 100 | 1 |
_aSwift, Jonathan, _d1667-1745, _eauthor. _934744 |
|
| 245 | 1 | 0 |
_aGulliver's travels : _bwith an introduction, a guide, notes and a glossary / _cJonathan Swift. |
| 250 | _aReprint edition. | ||
| 264 | 1 |
_aBeirut : _bYork Press, _c2001. |
|
| 300 |
_axxxviii, 337 pages ; _c20 cm. |
||
| 336 |
_2rdacontent _atext _btxt |
||
| 337 |
_2rdamedia _aunmediated _bn |
||
| 338 |
_2rdacarrier _avolume _bnc |
||
| 490 | 0 | _aYork classics | |
| 600 | 1 | 7 |
_aGulliver, Lemuel _c(Fictitious character) _vFiction. _2BUEsh |
| 650 | 7 |
_aTravelers _vFiction. _2BUEsh |
|
| 650 | 7 |
_aVoyages, Imaginary _vFiction. _2BUEsh |
|
| 651 | _2BUEsh | ||
| 653 |
_bHHUUEENN _cNovember2021 |
||
| 655 |
_vReading book _934232 |
||
| 942 |
_cBB _2ddc |
||
| 999 |
_c435 _d435 |
||